000 01064nam a2200313 i 4500
003 EG-GICUC
005 20260121101526.0
008 251220s1916 uk ||||fr|||| 000 0 eng d
040 _aEG-GiCUC
_beng
_cEG-GiCUC
_dEG-GiCUC
_erda
041 _aeng
082 0 4 _221
_a341.84
_bBE . T
092 0 4 _221
099 _aLaw1 12 341.84 BE . T 1916
100 1 _aBeale, J. H.,
_d1861-1943,
_eAuthor.
245 1 2 _aA Treatise on the Conflict of Laws, or, Private International Law.
_nPart 1 \
_cby J. H. Beale.
264 1 _aCambridge :
_bHarvard University Press,
_c1916.
300 _alxxx, 189 pages ;
_c24 cm.
336 _2rda content
_atext
337 _2rda media
_aComputer
338 _2rda carrier
_aOnline Resource
504 _aIncludes bibliographical references (pages xi-lxxx).
546 _aText in English
650 1 4 _aConflict of laws
_2qrmak
_xPrivate international law
651 1 _2qrmak
700 1 _aNorth, P. M.,
_eAuthor.
856 4 0 _uhttps://fll.law.cu.edu.eg/fulltext/bks/B12-01664.pdf
905 _a75
_eYara
942 _2ddc
_n0
_cBK
_e21
999 _c51793
_d51793